Trabzonspor Futbolcuları - Armageddon - Statistics

General Stats
  • This quiz has been taken 173 times
  • The average score is 18 of 50
Answers on the Grid
Answers color-coded by a green-red scale on the quiz's grid according to % correct below.
Fatih Tekke
Gökdeniz Karadeniz
İbrahim Yattara
Burak Yılmaz
Mevlüt Erdinç
Umut Bulut
Şota Arveladze
Ergün Penbe
Rüştü Reçber
Michael Petkovic
Ümit Davala
Hami Mandıralı
Ünal Karaman
Alanzinho
Fatih Terim
Mustafa Denizli
Erdinç Yavuz
Ján Ďurica
Didier Zokora
Uğur Boral
Ayhan Akman
Eren Elmalı
Tayfur Havutçu
José Bosingwa
Şenol Güneş
Marek Hamšík
Bülent Korkmaz
Alpay Özalan
Enner Valencia
Metin Oktay
Selçuk İnan
Tolga Zengin
Hakan Balta
Oktay Derelioğlu
Semih Kaya
Nuri Şahin
John Carew
Ceyhun Gülselam
Hans Somers
Okan Buruk
Emre Belözoğlu
Gustavo Colman
Tayfun Cora
Aykut Kocaman
Selçuk Yula
Tanju Çolak
Onur Kıvrak
Gheorghe Hagi
Samuel Eto'o
Davor Vugrinec
Abdullah Avcı
Olcan Adın
Arda Turan
Volkan Babacan
Sol Bamba
Yusuf Erdoğan
Necati Ateş
Ozan Tufan
Rigobert Song
Gökhan Ünal
Hugo Rodallega
Caleb Ekuban
Yusuf Yazıcı
Arif Erdem
Serkan Aykut
Hakan Şükür
Edin Višća
Rıza Çalımbay
Óscar Cardozo
Volkan Şen
Eren Derdiyok
Yuto Nagatomo
Moussa Sow
Wesley Sneijder
Djaniny
Servet Çetin
Andreas Cornelius
Mehmet Topal
Trézéguet
Kerim Frei
Marc Bartra
John Lundstram
Samet Aybaba
Florent Malouda
Sabri Sarıoğlu
Hamit Altıntop
Volkan Demirel
Mehmet Aurelio
Uğurcan Çakır
Mario Gómez
İlhan Mansız
Milan Baroš
Semih Şentürk
Berat Özdemir
Nihat Kahveci
Aykut Demir
Tuncay Şanlı
Bruno Peres
Recep Çetin
 
Answer Stats
Answer % Correct
Fatih Tekke
89%
Burak Yılmaz
83%
İbrahim Yattara
77%
Gökdeniz Karadeniz
71%
Şota Arveladze
71%
Hami Mandıralı
62%
Umut Bulut
60%
Didier Zokora
56%
Ünal Karaman
56%
Alanzinho
52%
Eren Elmalı
52%
Marek Hamšík
49%
Şenol Güneş
48%
Selçuk İnan
44%
Tolga Zengin
42%
Gustavo Colman
38%
José Bosingwa
37%
Edin Višća
36%
Onur Kıvrak
36%
Caleb Ekuban
33%
Ján Ďurica
33%
Ozan Tufan
33%
Uğurcan Çakır
33%
Ceyhun Gülselam
32%
Hugo Rodallega
32%
Yusuf Yazıcı
32%
Berat Özdemir
31%
John Lundstram
31%
Olcan Adın
31%
Óscar Cardozo
31%
Trézéguet
31%
Andreas Cornelius
29%
Yusuf Erdoğan
29%
Djaniny
26%
Marc Bartra
26%
Michael Petkovic
26%
Tayfun Cora
25%
Bruno Peres
24%
Sol Bamba
23%
Volkan Şen
23%
Florent Malouda
21%
Gökhan Ünal
20%
Rigobert Song
20%
Aykut Demir
18%
Hans Somers
18%
Erdinç Yavuz
17%
Oktay Derelioğlu
17%
Mehmet Aurelio
15%
Davor Vugrinec
12%
Recep Çetin
7%
No matching quizzes found
Score Distribution
Percent of People with Each Score
Percentile by Number Answered
Your Score History
You have not taken this quiz